Mercy (Record no. 582)

MARC details
000 -LEADER
fixed length control field 00462nam a2200205 a 4500
005 - DATE AND TIME OF LATEST TRANSACTION
control field 20260322212026.0
008 - FIXED-LENGTH DATA ELEMENTS--GENERAL INFORMATION
fixed length control field data
010 ## - LIBRARY OF CONGRESS CONTROL NUMBER
LC control number 20-01279223
020 ## - INTERNATIONAL STANDARD BOOK NUMBER
International Standard Book Number 0671034014
020 ## - INTERNATIONAL STANDARD BOOK NUMBER
International Standard Book Number 9780671034016
040 ## - CATALOGING SOURCE
Original cataloging agency Donation
099 ## - LOCAL FREE-TEXT CALL NUMBER (OCLC)
Classification number GARWOJ
001 - CONTROL NUMBER
control field data
100 1# - MAIN ENTRY--PERSONAL NAME
Personal name Garwood, Julie.
245 10 - TITLE STATEMENT
Title Mercy
Statement of responsibility, etc. Julie Garwood.
260 ## - PUBLICATION, DISTRIBUTION, ETC.
Place of publication, distribution, etc. New York
Name of publisher, distributor, etc. Pocket Books
Date of publication, distribution, etc. c2001
300 ## - PHYSICAL DESCRIPTION
Extent 343 p. ;
Dimensions 25 cm.
650 #4 - SUBJECT ADDED ENTRY--TOPICAL TERM
Topical term or geographic name entry element Legal stories.
650 #4 - SUBJECT ADDED ENTRY--TOPICAL TERM
Topical term or geographic name entry element Suspense fiction.
Holdings
Withdrawn status Lost status Damaged status Not for loan Home library Current library Shelving location Date acquired Total checkouts Full call number Barcode Date last seen Price effective from Koha item type
        Liberty Liberty General stacks 22/03/2026   GEN BC0010597 22/03/2026 22/03/2026 Books